| 000 | 00776nam a22002057a 4500 | ||
|---|---|---|---|
| 005 | 20120814144513.0 | ||
| 010 | _aB-456991 | ||
| 020 |
_a9780140123890 _c325.00 |
||
| 035 | _aB-456991 | ||
| 037 |
_adpl _bK.K.Pub/Ven |
||
| 082 | _aN | ||
| 100 |
_aMarquez, Gabriel garcia _951322 |
||
| 245 |
_aLove in the time of Cholera/ _cby Gabriel Garcia marquez |
||
| 260 |
_aNew Delhi _bpenguin _c1989 |
||
| 270 |
_a11 community centre panchsheel park _bNew Delhi |
||
| 300 |
_a348 p. _c18cm (pbk) |
||
| 942 |
_2ddc _cEN _mMAR _hN |
||
| 999 |
_c69020 _d69020 |
||